| 000 | 00713nam a22002417a 4500 | ||
|---|---|---|---|
| 008 | 131110b xxu||||| |||| 00| 0 eng d | ||
| 020 | _a81-7132-241-7 | ||
| 024 | _cAvailable | ||
| 037 | _cAvailable | ||
| 040 |
_aMBSTU LIBRARY _dMBSTU LIBRARY |
||
| 082 |
_222 _a574.5264 KAA |
||
| 100 | _aKalwar, S.C. | ||
| 245 | _aArid ecology resources , hazards and development. | ||
| 260 |
_aIndia _bPainter Publishers. _c1999 |
||
| 300 |
_a25 cm. _b240 page _f2 _g25 cm. |
||
| 600 | _2Arid ecology. | ||
| 650 | _2Arid ecology. | ||
| 700 | _aKalwar, S.C. | ||
| 270 |
_aIndia _bIndia _dIndia |
||
| 365 |
_b1980.00 _d1980.00 |
||
| 942 |
_2ddc _cBK |
||
| 999 |
_c812 _d812 |
||